| 000 | 006250000a22001810004500 | ||
|---|---|---|---|
| 003 | MACL | ||
| 005 | 20160529163321.0 | ||
| 008 | 160529b xxu||||| |||| 00| 0 eng d | ||
| 040 |
_aMACL _cMACL |
||
| 041 | _aHindi | ||
| 082 | _a900 BHA | ||
| 100 |
_aभाटिया, सुदर्शन _917524 |
||
| 245 |
_aलक्ष्यबोध करातक साहसी महापुरूष _cसुदर्शन भाटिया |
||
| 260 |
_bमित्तल एण्ड संस _aनई दिल्ली _c2007 |
||
| 350 | _a150 | ||
| 650 |
_aHistory _960894 |
||
| 942 |
_cHIN _k900 _2ddc |
||
| 999 |
_c22069 _d22069 |
||